000 00936cam a2200217 4500
001 WB3807-17
008 020220n2002 000 0 eng u
035 _a(Sirsi) u116764
245 _aInsurers call for more business
260 _c2002
490 _aGreen Futures
_v(January/February 2002(32), 19(1)
520 _aNew guidance issued by Association of British Insurers on tackling and reporting social, ethical and environmental issues. Key points include, management systems to limit serious risk and annual disclosure of any risks that could affect the company's short or long term value. For the ABI guide to best practice http://www.abi.org.uk/industry/abikey/bestprac/status.asp
590 _aWB
650 _aASSOCIATION OF BRITISH INSURERS
650 _aINSURANCE INDUSTRY
650 _aCORPORATE RESPONSIBILITY
650 _aRISK ASSESSMENT
650 _aSTOCK MARKET
690 _aInsurance
_96249
942 _n0
999 _c69544
_d69544